000 00620nam a2200193 a 4500
001 000008764
005 20260213105849.0
008 090918s1999 dr a 001 0 spa d
040 _aDO-SdBNP
082 _a659.1
_bC957i
100 1 _aCruz Sánchez, Filiberto
_913112
245 1 0 _aIntroducción a la publicidad /
_cFiliberto Cruz Sánchez.
260 _aSanto Domingo, :
_bEl Nuevo Diario,
_c1999.
300 _a151 p. :
_bil ;
_c22 cm.
500 _aIncluye datos biográficos en la solapa de la cubierta
504 _aIncluye referencias bibliográfica [p. 149-151]
650 0 _aPublisidad
_913236
049 _aBNPD
999 _c8533
_d8533